[Event "Luxembourg-chT 9798"]
[Site "Luxembourg"]
[Date "1997.10.19"]
[Round "1"]
[White "Maschler, Andreas"]
[Black "Eickmann, Nicolas"]
[Result "1/2-1/2"]
[WhiteElo "1940"]
[BlackElo "1810"]
[PlyCount "28"]
[EventDate "1997.10.??"]
[EventType "team"]
[EventRounds "10"]
[EventCountry "LUX"]
[SourceTitle "EXT 2005"]
[Source "ChessBase"]
[SourceDate "2004.11.15"]
[SourceVersion "1"]
[SourceVersionDate "2004.11.15"]
[SourceQuality "1"]

1. Nf3 f5 2. g3 Nf6 3. Bg2 e6 4. d4 Be7 5. 0-0 0-0 6. c4 d5 7. Nc3 c6 8. cxd5 exd5 9. Bg5 Ne4 10. Bxe7 Qxe7 11. Ne5 Nd7 12. Nd3 Ndf6 13. e3 g5 14. Rc1 Kh8 1/2-1/2